| 000 | 006590000a22002290004500 | ||
|---|---|---|---|
| 001 | 55873 | ||
| 010 | _a978-972-21-1863-7 | ||
| 090 | _a55873 | ||
| 100 | _a20091008d2007 a y0pory5003 ba | ||
| 101 | 0 | _apor | |
| 102 | _aPT | ||
| 200 | 1 |
_aOs da minha rua _fOndjaki |
|
| 205 | _a2ยช ed | ||
| 210 |
_aLisboa _cCaminho _d2007 |
||
| 215 | _a124, [4] p | ||
| 225 | 2 |
_aOutras margens _v63 |
|
| 675 |
_a087.5 _vBN _zpor |
||
| 675 |
_a821.134.3(673)-34 _vBN _zpor |
||
| 700 | 0 |
_aOndjaki _cpseud. |
|
| 942 |
_cMON _n0 |
||
| 999 |
_a55873 _bBibliobase - BEBDMI _c2019-01-21 |
||